000 00765cam a22002411 4500
001 he 67002039
003 DLC
005 20260227111451.0
008 830630s1942 hu 000 0 heb
010 _ahe 67002039
035 _a(OCoLC)19147344
040 _aDLC
_cMH
_dDLC
042 _apremarc
050 0 0 _aBM740
_b.D48 1942
100 1 _aDeutsch, Moses,
_d-1931.
245 0 0 _aDerushe ṿe-ḥidushe ha-Rambad :
_bderushim ... ʻal parashiyot ha-Torah ... ḥidushe halakhot be-sugyot ha-Shas.
260 _aSalgótarján :
_bDeutsch J.,
_c703 [1942 or 1943]
300 _a68, 52 leaves ;
_c28 cm.
500 _a"Nidpas bi-defus Yaʻaḳov Ṿider."
630 0 0 _aTalmud
_xCommentaries.
650 0 _aJewish sermons.
752 _aHungary
_dSalgótarján
999 _c32712
_d32712